000
00297nam a22001217a 4500
008
180117b xxu||||| |||| 00| 0 eng d
041
_a
eng
080
_a
330
100
_a
52
101
_a
EKO
245
_a
Ricardo and the theory of value distribution and growth
_c
Caravale,G.A
942
_2
udc
_c
BK
999
_c
40430
_d
40430